| 000 | 00887nam a2200217 i 4500 | ||
|---|---|---|---|
| 001 | 134621 | ||
| 003 | ES-MaACL | ||
| 005 | 20250809044623.0 | ||
| 007 | t| | ||
| 008 | 070912s1966 sp ||||1| spa d | ||
| 100 | 1 |
_aYanguas y Miranda, José. _9117557 |
|
| 245 | 1 | 3 |
_aLa contragerigonza o refutación jocoseria del ensayo histórico crítico sobre la Mogico y Mauleon... Por el apoderado del alma del Licenciado Elizondo : En Panzacola-Agosto de 1833... / _cJosé Yanguas y Miranda. |
| 260 |
_aPamplona : _b[Institución Príncipe de Viana], _c1966. |
||
| 300 |
_a131 p. ; _c22 cm. |
||
| 490 | 1 |
_aBiblioteca de Derecho Foral ; _v9 |
|
| 650 | 1 | 4 |
_aFueros- _zNavarra (Comunidad Autónoma) _912993 |
| 710 | 2 |
_aInstitución Príncipe de Viana _94730 |
|
| 830 | 0 | 0 |
_aBiblioteca de derecho foral _v9 _9181069 |
| 852 |
_aES-MaACL _jC-30515 _bR.70122 |
||
| 999 |
_c134621 _d134621 |
||